Una alternativa para San Salvador

Guardat en:
Dades bibliogràfiques
Autor principal: Lungo Uclés, Mario
Format: Text
Publicat: San Salvador: FLACSO
Etiquetes: Afegir etiqueta
Sense etiquetes, Sigues el primer a etiquetar aquest registre!

MARC

LEADER 00000 a a2200000 04500
001 22196
003
040
090 |a 150500  
100 |a Lungo Uclés, Mario  
245 |a Una alternativa para San Salvador  
260 |a San Salvador:   |b FLACSO  
300 |a 127 p  
999 |c 13781  |d 13781